<?xml version="1.0" encoding="UTF-8"?>
<record
    xmlns:xsi="http://www.w3.org/2001/XMLSchema-instance"
    xsi:schemaLocation="http://www.loc.gov/MARC21/slim http://www.loc.gov/standards/marcxml/schema/MARC21slim.xsd"
    xmlns="http://www.loc.gov/MARC21/slim">

  <leader>01025 am a2200217 a 4500</leader>
  <controlfield tag="005">20240628101535.0</controlfield>
  <controlfield tag="008">100914s1986||||ve #   f |||| 001 0 spa d</controlfield>
  <datafield tag="020" ind1=" " ind2=" ">
    <subfield code="a">9802653861</subfield>
  </datafield>
  <datafield tag="041" ind1=" " ind2=" ">
    <subfield code="a">spa</subfield>
  </datafield>
  <datafield tag="092" ind1=" " ind2=" ">
    <subfield code="c">610.738</subfield>
    <subfield code="l">21</subfield>
    <subfield code="s">ENF</subfield>
  </datafield>
  <datafield tag="110" ind1="1" ind2=" ">
    <subfield code="a">Federaci&#xF3;n Panamericana de asociaciones de Facultades (escuelas) de Medicina.</subfield>
    <subfield code="9">1461</subfield>
    <subfield code="g">FEPAFEM</subfield>
  </datafield>
  <datafield tag="245" ind1=" " ind2="3">
    <subfield code="a">La Enfermeria en latinoamerica. Estrateg&#xED;as para su desarrollo. </subfield>
    <subfield code="n">N&#xB0;8 Memorias de la Reuni&#xF3;n de L&#xED;deres de Enfermer&#xED;a /</subfield>
    <subfield code="c">Federaci&#xF3;n Panamericana de asociaciones de Facultades (escuelas) de Medicina.</subfield>
  </datafield>
  <datafield tag="250" ind1=" " ind2=" ">
    <subfield code="a">1a ed.</subfield>
  </datafield>
  <datafield tag="260" ind1=" " ind2=" ">
    <subfield code="a">Caracas [Venezuela]: </subfield>
    <subfield code="b">FEPAFEM;</subfield>
    <subfield code="c">1986.</subfield>
  </datafield>
  <datafield tag="300" ind1=" " ind2=" ">
    <subfield code="a">234 p.</subfield>
  </datafield>
  <datafield tag="500" ind1=" " ind2=" ">
    <subfield code="a">Federaci&#xF3;n Panamericana de asociaciones de Facultades (escuelas) de Medicina (FEPAFEM). (1986). La enfermer&#xED;a en Latinoam&#xE9;rica. Estrategias para su desarrollo. N&#xB0;8 Memorias de la Reuni&#xF3;n de L&#xED;deres de Enfermer&#xED;a. (1a ed.). Caracas [Venezuela] : FEPAFEM.</subfield>
  </datafield>
  <datafield tag="653" ind1=" " ind2=" ">
    <subfield code="a">Enfermer&#xED;a</subfield>
  </datafield>
  <datafield tag="653" ind1=" " ind2=" ">
    <subfield code="a">Latinoam&#xE9;rica</subfield>
  </datafield>
  <datafield tag="930" ind1=" " ind2=" ">
    <subfield code="a">534</subfield>
  </datafield>
  <datafield tag="942" ind1=" " ind2=" ">
    <subfield code="2">ddc</subfield>
    <subfield code="c">BK</subfield>
  </datafield>
  <datafield tag="999" ind1=" " ind2=" ">
    <subfield code="c">724</subfield>
    <subfield code="d">724</subfield>
  </datafield>
  <datafield tag="952" ind1=" " ind2=" ">
    <subfield code="0">0</subfield>
    <subfield code="1">0</subfield>
    <subfield code="4">0</subfield>
    <subfield code="7">0</subfield>
    <subfield code="a">BFM</subfield>
    <subfield code="b">BFM</subfield>
    <subfield code="c">CR</subfield>
    <subfield code="d">2011-05-13</subfield>
    <subfield code="l">0</subfield>
    <subfield code="o">610.738 21 ENF</subfield>
    <subfield code="p">534</subfield>
    <subfield code="r">2014-11-06</subfield>
    <subfield code="t">ej.1</subfield>
    <subfield code="w">2011-05-13</subfield>
    <subfield code="y">BK</subfield>
  </datafield>
</record>
